[Event "Premijer  Liga Crne Gore u sahu za 2015."]
[Site "Bar"]
[Date "2015.09.26"]
[Round "1.1"]
[White "Brenjo, Slavisa"]
[Black "Roganovic, Milos"]
[Result "1/2-1/2"]
[WhiteElo "2458"]
[BlackElo "2526"]
[PlyCount "62"]
[EventDate "2015.09.26"]

1. e4 c5 2. Nf3 Nc6 3. d4 cxd4 4. Nxd4 e5 5. Nb5 d6 6. N1c3 a6 7. Na3 b5 8. Nd5
Nf6 9. Bg5 Be7 10. Bxf6 Bxf6 11. c3 Bg5 12. Nc2 O-O 13. a4 Rb8 14. Ncb4 Nxb4
15. Nxb4 Bb7 16. axb5 axb5 17. Bd3 f5 18. Qe2 f4 19. Bxb5 f3 20. gxf3 Bf4 21.
Bc6 Qg5 22. Bxb7 Rxb7 23. Qc4+ Kh8 24. Ke2 Qh5 25. Qe6 Bc1 26. Qg4 Qxg4 27.
fxg4 Bxb2 28. Rab1 Bxc3 29. Nd5 Rxb1 30. Rxb1 Bd4 31. f3 Ra8 1/2-1/2

[Event "Premijer  Liga Crne Gore u sahu za 2015."]
[Site "Bar"]
[Date "2015.09.26"]
[Round "1.1"]
[White "Simic, Dragisa"]
[Black "Savic, Miodrag R"]
[Result "0-1"]
[WhiteElo "2309"]
[BlackElo "2503"]
[PlyCount "50"]
[EventDate "2015.09.26"]

1. e4 d5 2. exd5 Qxd5 3. Nc3 Qa5 4. d4 c6 5. Bc4 Bf5 6. Nge2 e6 7. Ng3 Bg6 8.
O-O Nd7 9. Nce2 Bd6 10. Nf4 Ngf6 11. c3 Nd5 12. Qf3 Qc7 13. Nxg6 hxg6 14. h3
N7f6 15. Re1 O-O-O 16. Ne4 Nxe4 17. Rxe4 Rh5 18. Bd2 Nf6 19. Ree1 Rdh8 20. Bf1
Rf5 21. Qe2 Bh2+ 22. Kh1 Rh4 23. Be3 Bf4 24. g3 Bxe3 25. Qxe3 Ng4 0-1

[Event "Premijer  Liga Crne Gore u sahu za 2015."]
[Site "Bar"]
[Date "2015.09.26"]
[Round "1.1"]
[White "Saric, Igor"]
[Black "Mrsevic, Miroslav"]
[Result "1/2-1/2"]
[WhiteElo "2308"]
[BlackElo "2268"]
[PlyCount "80"]
[EventDate "2015.09.26"]

1. e4 d6 2. d4 Nf6 3. Nc3 e5 4. Nf3 Nbd7 5. Bc4 Be7 6. O-O O-O 7. h3 c6 8. dxe5
dxe5 9. a4 Qa5 10. Qe2 b5 11. Bd3 b4 12. Nd1 Nh5 13. Nh4 Ndf6 14. Nf5 Bxf5 15.
exf5 Rfe8 16. Qf3 Qd5 17. Qxd5 cxd5 18. Re1 Bc5 19. Kf1 Nf4 20. Bb5 Re7 21. g3
N4h5 22. Be2 Rc8 23. Bg5 h6 24. Bh4 Rec7 25. Bxh5 Nxh5 26. Rxe5 d4 27. Re4 a5
28. c3 Rd7 29. g4 Nf6 30. Bxf6 gxf6 31. cxd4 Bxd4 32. Re2 Be5 33. Rb1 Rd3 34.
Kg2 Rcd8 35. Ne3 R8d4 36. b3 Re4 37. Kf3 Rf4+ 38. Kg2 Re4 39. Kf3 Rf4+ 40. Kg2
Re4 1/2-1/2

[Event "Premijer  Liga Crne Gore u sahu za 2015."]
[Site "Bar"]
[Date "2015.09.26"]
[Round "1.1"]
[White "Cetkovic, Miodrag"]
[Black "Perosevic, Aleksandar"]
[Result "1/2-1/2"]
[WhiteElo "2136"]
[BlackElo "2159"]
[PlyCount "96"]
[EventDate "2015.09.26"]

1. e4 c5 2. Nc3 Nc6 3. f4 g6 4. Nf3 Bg7 5. Bc4 Nh6 6. f5 Na5 7. d3 Nxc4 8. dxc4
gxf5 9. Bxh6 Bxh6 10. exf5 d6 11. Qd3 Qd7 12. g4 Rg8 13. Rg1 Bg7 14. O-O-O b6
15. Nd5 Bb7 16. Rge1 Bxd5 17. Qxd5 Rd8 18. h4 h6 19. g5 Kf8 20. Kb1 b5 21. g6
Qe8 22. h5 bxc4 23. Qxc4 Bf6 24. Ne5 fxg6 25. Nxg6+ Kg7 26. Nxe7 Bxe7 27. f6+
Kxf6 28. Re6+ Kg7 29. Qg4+ Bg5 30. Rxe8 Rgxe8 31. Qf5 Rf8 32. Qg6+ Kh8 33. c4
Rf6 34. Qe4 Rf4 35. Qe6 Rf6 36. Qe4 a5 37. Qe1 a4 38. Qc3 Kg8 39. Qa5 Rf2 40.
Qxa4 Bf6 41. b3 Kh8 42. Qc6 Be5 43. Qe4 Rg8 44. Qe3 Rgg2 45. Qxh6+ Kg8 46. Qe6+
Kh7 47. Qe7+ Kh8 48. Qe8+ Kh7 1/2-1/2

[Event "Premijer  Liga Crne Gore u sahu za 2015."]
[Site "Bar"]
[Date "2015.09.26"]
[Round "1.1"]
[White "Saranovic, Mitar"]
[Black "Ratkovic, Milorad"]
[Result "1-0"]
[WhiteElo "2142"]
[BlackElo "2134"]
[PlyCount "87"]
[EventDate "2015.09.26"]

1. e4 c5 2. Nf3 e6 3. d4 cxd4 4. Nxd4 a6 5. Bd3 Nc6 6. Nxc6 bxc6 7. O-O Qc7 8.
Qe2 c5 9. f4 Bb7 10. Nd2 Nf6 11. b3 h5 12. Bb2 h4 13. Rae1 Nh5 14. Qg4 c4 15.
Nxc4 Bc5+ 16. Ne3 Qb6 17. Bc1 Bb4 18. Re2 Bc3 19. Qxh4 Rh6 20. Qf2 Bd4 21. c3
Bxc3 22. Nc4 Qxf2+ 23. Rfxf2 Bb4 24. e5 Rh8 25. Be3 g6 26. Rc2 Ng7 27. a3 Be7
28. b4 Nf5 29. Bxf5 gxf5 30. Nb6 Rd8 31. Bc5 Be4 32. Bxe7 Kxe7 33. Rc7 Bc6 34.
Rd2 Rh7 35. Rd6 Ke8 36. Ra7 f6 37. Rxc6 Rf7 38. Rc8 fxe5 39. fxe5 f4 40. Rxd8+
Kxd8 41. Rxd7+ Rxd7 42. Nxd7 Kxd7 43. h4 Ke7 44. a4 1-0

[Event "Premijer  Liga Crne Gore u sahu za 2015."]
[Site "Bar"]
[Date "2015.09.26"]
[Round "1.1"]
[White "Mitrovic, Stevan"]
[Black "Perovic, Rade"]
[Result "1-0"]
[WhiteElo "2090"]
[BlackElo "1913"]
[PlyCount "55"]
[EventDate "2015.09.26"]

1. d4 d5 2. Nf3 Nf6 3. c4 c6 4. Nc3 Bf5 5. e3 e6 6. Bd3 Bxd3 7. Qxd3 Be7 8. O-O
O-O 9. e4 dxe4 10. Nxe4 Nbd7 11. Ng3 Qc7 12. b3 Rad8 13. Qe2 Rfe8 14. Bb2 Bd6
15. Rfe1 Ng4 16. Ng5 Ndf6 17. N5e4 Nxe4 18. Qxg4 Nf6 19. Qf3 Bf4 20. Nf1 Re7
21. g3 Bh6 22. Re5 Nd7 23. Rh5 Nf6 24. Rxh6 gxh6 25. Qxf6 Ree8 26. Ne3 Qe7 27.
Ng4 Qc7 28. Ba3 1-0

[Event "Premijer  Liga Crne Gore u sahu za 2015."]
[Site "Bar"]
[Date "2015.09.26"]
[Round "1.2"]
[White "Blagojevic, Dragisa"]
[Black "Bogosavljevic, Boban"]
[Result "1/2-1/2"]
[WhiteElo "2486"]
[BlackElo "2520"]
[PlyCount "23"]
[EventDate "2015.09.26"]

1. d4 d5 2. c4 c6 3. Nc3 Nf6 4. e3 g6 5. Nf3 Bg7 6. cxd5 cxd5 7. Bb5+ Nc6 8.
Ne5 O-O 9. Nxc6 bxc6 10. Bxc6 Rb8 11. Bb5 e5 12. O-O 1/2-1/2

[Event "Premijer  Liga Crne Gore u sahu za 2015."]
[Site "Bar"]
[Date "2015.09.26"]
[Round "1.2"]
[White "Miljkovic, Miroslav D"]
[Black "Potpara, Nikola"]
[Result "1-0"]
[WhiteElo "2493"]
[BlackElo "2406"]
[PlyCount "101"]
[EventDate "2015.09.26"]

1. d4 Nf6 2. c4 e6 3. Nc3 Bb4 4. e3 d6 5. Bd3 c5 6. Nge2 Nc6 7. O-O O-O 8. h3
Re8 9. Qc2 h6 10. a3 Ba5 11. b3 a6 12. dxc5 dxc5 13. Rd1 Qe7 14. Bb2 Bd7 15.
Nf4 Red8 16. Ne4 Nxe4 17. Bxe4 Bc7 18. Nh5 e5 19. Ng3 g6 20. Bd5 Kh7 21. Rd2 f5
22. Rad1 Be8 23. Ne2 Rd6 24. Nc3 Rad8 25. Bf3 Rxd2 26. Rxd2 Rxd2 27. Qxd2 Qd6
28. Nd5 Ne7 29. Qc3 Nxd5 30. Bxd5 b5 31. f4 Qe7 32. fxe5 b4 33. axb4 cxb4 34.
Qd4 g5 35. Qa7 Qg7 36. Qb7 g4 37. hxg4 fxg4 38. Be4+ Bg6 39. Bxg6+ Kxg6 40.
Qxa6+ Kh5 41. Qe6 Bd8 42. Qe8+ Qg6 43. Qxd8 Qb1+ 44. Kh2 Qxb2 45. Qf6 Qe2 46.
Qf5+ Kh4 47. Qf4 Kh5 48. e6 Qe1 49. Qg3 Qxe3 50. Qxe3 g3+ 51. Kxg3 1-0

[Event "Premijer  Liga Crne Gore u sahu za 2015."]
[Site "Bar"]
[Date "2015.09.26"]
[Round "1.2"]
[White "Milanovic, Slavisa"]
[Black "Miljanic, Boro"]
[Result "1-0"]
[WhiteElo "2381"]
[BlackElo "2378"]
[PlyCount "78"]
[EventDate "2015.09.26"]

1. c4 g6 2. d4 Bg7 3. e4 c6 4. Nc3 d5 5. cxd5 cxd5 6. exd5 Nf6 7. Bb5+ Nbd7 8.
Nf3 O-O 9. Bxd7 Bxd7 10. Qb3 b5 11. O-O a5 12. a3 Qb6 13. Ne5 b4 14. Be3 Bb5
15. Nxb5 Qxb5 16. Nc6 Rfe8 17. axb4 a4 18. Qc2 Qxd5 19. Rxa4 Bf8 20. Ra5 Qd6
21. Qc5 Qd7 22. Rfa1 Rac8 23. b5 e6 24. Qe5 Ng4 25. Qf4 e5 26. dxe5 h5 27. h3
Nh6 28. Bd4 Nf5 29. Bc3 Qd5 30. Qf3 Qc4 31. g3 Bc5 32. R5a4 Qb3 33. Qd3 Qe6 34.
Kg2 Kh7 35. Qc4 Rxc6 36. bxc6 Qxc6+ 37. Qe4 Qb6 38. Ra6 Qb3 39. Ra8 Re6 1-0

[Event "Premijer  Liga Crne Gore u sahu za 2015."]
[Site "Bar"]
[Date "2015.09.26"]
[Round "1.2"]
[White "Kontic, Djordjije"]
[Black "Rajkovic, Dusan"]
[Result "0-1"]
[WhiteElo "2314"]
[BlackElo "2367"]
[PlyCount "76"]
[EventDate "2015.09.26"]

1. e4 c5 2. Nf3 Nc6 3. d4 cxd4 4. Nxd4 g6 5. Nc3 Bg7 6. Be3 Nf6 7. Bc4 Qa5 8.
O-O d6 9. Nd5 Nxd5 10. exd5 Ne5 11. Bb5+ Bd7 12. a4 O-O 13. Bxd7 Nxd7 14. c4
Rfe8 15. b3 a6 16. Re1 e5 17. dxe6 fxe6 18. Bd2 Qh5 19. Nxe6 Bxa1 20. Qxa1 Re7
21. Nc7 Rxe1+ 22. Bxe1 Rf8 23. Nd5 Qe2 24. f3 Ne5 25. Ne7+ Kf7 26. Nd5 Re8 27.
Bg3 Qd3 28. h4 Qxb3 29. Qd4 Qxc4 30. Bxe5 Qc1+ 31. Kh2 dxe5 32. Qb4 Qc6 33. Nc3
Kg7 34. a5 Qd7 35. Ne4 Qe7 36. Nd6 Kf8 37. Qb6 Qxh4+ 38. Kg1 Qd4+ 0-1

[Event "Premijer  Liga Crne Gore u sahu za 2015."]
[Site "Bar"]
[Date "2015.09.26"]
[Round "1.2"]
[White "Raicevic, Momcilo"]
[Black "Milovic, Jovan"]
[Result "1/2-1/2"]
[WhiteElo "2368"]
[BlackElo "2338"]
[Annotator "user"]
[PlyCount "67"]
[EventDate "2015.09.26"]

1. c4 g6 2. g3 Bg7 3. Bg2 Nc6 4. Nc3 Nf6 5. e3 d6 6. Nge2 h5 7. h3 Bd7 8. d4 a6
9. b3 e5 10. dxe5 dxe5 11. Ba3 Bf8 12. Bxf8 Kxf8 13. Nd5 Nxd5 14. cxd5 Ne7 15.
Nc3 c6 16. O-O cxd5 17. Nxd5 Bb5 18. Re1 Rc8 19. Rc1 Kg7 20. Rxc8 Nxc8 21. Qa1
Re8 22. Rd1 Bc6 23. Nb4 Qf6 24. Nxc6 bxc6 25. Qc3 Ne7 26. Qc5 Qf5 27. e4 Qg5
28. h4 Qg4 29. Qxe5+ f6 30. Qd4 c5 31. Qd7 Kf7 32. Qxg4 hxg4 33. Bf1 Nc6 34.
Rd6 {.....} 1/2-1/2

[Event "Premijer  Liga Crne Gore u sahu za 2015."]
[Site "Bar"]
[Date "2015.09.26"]
[Round "1.2"]
[White "Aleksic, Nenad C"]
[Black "Dragasevic, Srdja"]
[Result "1/2-1/2"]
[WhiteElo "2268"]
[BlackElo "2263"]
[PlyCount "44"]
[EventDate "2015.09.26"]

1. Nf3 Nf6 2. c4 c6 3. Nc3 d5 4. e3 a6 5. cxd5 cxd5 6. d4 e6 7. Bd3 b5 8. O-O
Nbd7 9. Qe2 Be7 10. Bd2 Bb7 11. Rfc1 O-O 12. Be1 Rc8 13. Rc2 Bd6 14. Rac1 Qb6
15. Nb1 b4 16. Nbd2 a5 17. Bb5 Rxc2 18. Rxc2 Rc8 19. Rxc8+ Bxc8 20. Nb3 Qc7 21.
h3 Bb7 22. a4 g6 1/2-1/2

[Event "Premijer  Liga Crne Gore u sahu za 2015."]
[Site "Bar"]
[Date "2015.09.26"]
[Round "1.4"]
[White "Milanovic, Danilo"]
[Black "Arsovic, Zoran"]
[Result "1/2-1/2"]
[WhiteElo "2462"]
[BlackElo "2421"]
[PlyCount "102"]
[EventDate "2015.09.26"]

1. d4 Nf6 2. c4 e6 3. Nc3 Bb4 4. e3 O-O 5. Bd3 c5 6. Nge2 d5 7. O-O dxc4 8.
Bxc4 Nc6 9. a3 Bxc3 10. bxc3 e5 11. Bb2 Be6 12. Bxe6 fxe6 13. c4 exd4 14. exd4
cxd4 15. Nxd4 Nxd4 16. Qxd4 Qxd4 17. Bxd4 Rfd8 18. Rfd1 Rac8 19. Bxa7 Rxd1+ 20.
Rxd1 Rxc4 21. Rd8+ Kf7 22. h3 Ra4 23. Bc5 b6 24. Bb4 Ra7 25. Rf8+ Kg6 26. Rc8
Kf7 27. Rc6 Nd5 28. g3 g5 29. Kg2 Kf6 30. Bd6 Ra8 31. Kf3 h5 32. Ke2 Ra5 33.
Rc8 Rb5 34. Rh8 Kg6 35. Kf3 Nf6 36. Bb4 g4+ 37. hxg4 hxg4+ 38. Ke2 Re5+ 39. Kf1
Rd5 40. Rb8 b5 41. Kg2 e5 42. Kf1 Ne4 43. Ke2 Ng5 44. Ke3 Kf5 45. Rf8+ Ke6 46.
Rg8 Kf5 47. Be7 Ne6 48. f3 Rd4 49. fxg4+ Rxg4 50. Rxg4 Kxg4 51. Bd6 Nd4 1/2-1/2

[Event "Premijer  Liga Crne Gore u sahu za 2015."]
[Site "Bar"]
[Date "2015.09.26"]
[Round "1.4"]
[White "Benderac, Srdjan"]
[Black "Vlatkovic, Milos"]
[Result "1/2-1/2"]
[WhiteElo "2296"]
[BlackElo "2333"]
[PlyCount "27"]
[EventDate "2015.09.26"]

1. e4 c5 2. Nf3 d6 3. d4 cxd4 4. Nxd4 Nf6 5. Nc3 e6 6. Bc4 Be7 7. Bb3 a6 8. O-O
O-O 9. f4 Qc7 10. Qf3 Nc6 11. Be3 Bd7 12. Rae1 Nxd4 13. Bxd4 Bc6 14. Qg3
1/2-1/2

[Event "Premijer  Liga Crne Gore u sahu za 2015."]
[Site "Bar"]
[Date "2015.09.26"]
[Round "1.4"]
[White "Geler, Aleksandar"]
[Black "Tomic, Aleksandar"]
[Result "0-1"]
[WhiteElo "2229"]
[BlackElo "2298"]
[PlyCount "78"]
[EventDate "2015.09.26"]

1. d4 Nf6 2. c4 e6 3. g3 Bb4+ 4. Bd2 Qe7 5. Nf3 b6 6. Bg2 Bb7 7. O-O Bxd2 8.
Qxd2 O-O 9. Qf4 d6 10. Nc3 Nbd7 11. Rfd1 e5 12. dxe5 dxe5 13. Nxe5 Nxe5 14.
Bxb7 Rad8 15. Bg2 Ng6 16. Qg5 h6 17. Qb5 c5 18. e4 Rxd1+ 19. Rxd1 Rd8 20. Nd5
Qe6 21. Qa6 Nxd5 22. cxd5 Qf6 23. Qe2 c4 24. f4 b5 25. Qf2 Qa6 26. a3 Nf8 27.
Bh3 c3 28. Rc1 Qa4 29. Bg2 Rc8 30. Qc2 Qd4+ 31. Kh1 cxb2 32. Qxc8 bxc1=Q+ 33.
Qxc1 a5 34. Qb1 b4 35. axb4 axb4 36. e5 g5 37. e6 fxe6 38. dxe6 Nxe6 39. Qb3
Qa1+ 0-1

[Event "Premijer  Liga Crne Gore u sahu za 2015."]
[Site "Bar"]
[Date "2015.09.26"]
[Round "1.4"]
[White "Kisic, Bozidar"]
[Black "Petijevic, Vaso"]
[Result "0-1"]
[WhiteElo "2173"]
[BlackElo "2267"]
[PlyCount "68"]
[EventDate "2015.09.26"]

1. d4 e6 2. c4 Nf6 3. Nc3 Bb4 4. g3 c5 5. Nf3 cxd4 6. Nxd4 Ne4 7. Qd3 Bxc3+ 8.
bxc3 Nc5 9. Qc2 b6 10. Bg2 Bb7 11. Bxb7 Nxb7 12. Qe4 Nc6 13. Ba3 Rc8 14. Nb5 a6
15. Nd6+ Nxd6 16. Bxd6 Na5 17. c5 Rc6 18. Rb1 Nb7 19. Qd4 f6 20. Qg4 Nxd6 21.
cxd6 O-O 22. Qd4 Qb8 23. Rd1 Rfc8 24. Rd3 Rc5 25. Qe3 R8c6 26. Qd2 Qc8 27. O-O
Rxc3 28. a4 Rxd3 29. Qxd3 Rc4 30. Qb3 Qc6 31. a5 b5 32. Rd1 Rc1 33. Qd3 Rxd1+
34. Qxd1 Qd5 0-1

[Event "Premijer  Liga Crne Gore u sahu za 2015."]
[Site "Bar"]
[Date "2015.09.26"]
[Round "1.4"]
[White "Maric, Bozo"]
[Black "Lekic, Lazar"]
[Result "1-0"]
[WhiteElo "2239"]
[BlackElo "2037"]
[PlyCount "121"]
[EventDate "2015.09.26"]

1. Nf3 d5 2. b3 Nf6 3. Bb2 c6 4. e3 Bg4 5. Be2 e6 6. c4 Nbd7 7. O-O Bd6 8. d4
O-O 9. Nbd2 Re8 10. Ne5 Bxe2 11. Qxe2 Bb4 12. Ndf3 a5 13. c5 a4 14. a3 Ba5 15.
b4 Bc7 16. Ng5 Rf8 17. f4 h6 18. Ngf3 Ne4 19. Rac1 Qe8 20. Rc2 f6 21. Nd3 b5
22. cxb6 Nxb6 23. Nf2 Nxf2 24. Qxf2 Nc4 25. Nd2 Nxb2 26. Rxb2 e5 27. fxe5 fxe5
28. Qxf8+ Qxf8 29. Rxf8+ Rxf8 30. Nf3 exd4 31. Nxd4 Be5 32. Rc2 Bxd4 33. exd4
Rf6 34. Rc5 Kf8 35. b5 cxb5 36. Rxb5 Rc6 37. Rxd5 Rc3 38. Rf5+ Ke7 39. Rf3 Rc2
40. Rg3 Kf6 41. d5 Rd2 42. Rg4 Rxd5 43. Rxa4 Rd2 44. Rf4+ Ke5 45. Rf2 Rd1+ 46.
Rf1 Rd4 47. Ra1 Ra4 48. Kf2 Kd5 49. Kf3 Kc5 50. h3 g5 51. g3 Kd5 52. Ke3 Kc5
53. Rc1+ Kd5 54. Rc3 g4 55. h4 Ra6 56. Kf4 h5 57. Kg5 Kd4 58. Rb3 Ra5+ 59. Kg6
Kc4 60. Rb4+ Kc3 61. Rf4 1-0

[Event "Premijer  Liga Crne Gore u sahu za 2015."]
[Site "Bar"]
[Date "2015.09.26"]
[Round "1.5"]
[White "Ivanisevic, Ivan"]
[Black "Rapport, Richard"]
[Result "1/2-1/2"]
[WhiteElo "2658"]
[BlackElo "2649"]
[PlyCount "43"]
[EventDate "2015.09.26"]

1. d4 Nf6 2. Bg5 Ne4 3. h4 d5 4. Nd2 Bf5 5. Nxe4 Bxe4 6. f3 h6 7. Bf4 Bh7 8. e3
e6 9. Bd3 Bxd3 10. Qxd3 c5 11. dxc5 Bxc5 12. Bxb8 Qa5+ 13. c3 Rxb8 14. b4 Qb6
15. bxc5 Qb2 16. Qd1 Qxg2 17. Qa4+ Ke7 18. Qf4 Qxh1 19. Qd6+ Kf6 20. Qf4+ Ke7
21. Qd6+ Kf6 22. Qf4+ 1/2-1/2

[Event "Premijer  Liga Crne Gore u sahu za 2015."]
[Site "Bar"]
[Date "2015.09.26"]
[Round "1.5"]
[White "Perunovic, Milos"]
[Black "Markus, Robert"]
[Result "1/2-1/2"]
[WhiteElo "2614"]
[BlackElo "2621"]
[PlyCount "56"]
[EventDate "2015.09.26"]

1. e4 c5 2. Nf3 e6 3. d4 cxd4 4. Nxd4 a6 5. c4 Nf6 6. Nc3 Bb4 7. Qd3 d5 8. exd5
exd5 9. Be2 O-O 10. O-O Nc6 11. Rd1 Nxd4 12. Qxd4 Qe7 13. Bf3 dxc4 14. Bg5 Bxc3
15. Qxc3 Be6 16. Rd4 h6 17. Bxf6 Qxf6 18. Bxb7 Rad8 19. Rad1 Rxd4 20. Rxd4 Rd8
21. Rxd8+ Qxd8 22. h3 Qd1+ 23. Kh2 Qd6+ 24. Qg3 Qd4 25. Qb8+ Kh7 26. Bxa6 Qxf2
27. Bb7 c3 28. bxc3 Qxa2 1/2-1/2

[Event "Premijer  Liga Crne Gore u sahu za 2015."]
[Site "Bar"]
[Date "2015.09.26"]
[Round "1.5"]
[White "Djukic, Nikola"]
[Black "Kosic, Dragan"]
[Result "1-0"]
[WhiteElo "2546"]
[BlackElo "2468"]
[PlyCount "55"]
[EventDate "2015.09.26"]

1. e4 e6 2. d4 d5 3. Nc3 Bb4 4. e5 Ne7 5. a3 Bxc3+ 6. bxc3 b6 7. Qg4 Ng6 8. Bg5
Qd7 9. h4 h5 10. Qg3 Ba6 11. Bxa6 Nxa6 12. Ne2 Qa4 13. Qd3 c5 14. O-O Rc8 15.
f4 cxd4 16. cxd4 Rxc2 17. Rac1 Rxc1 18. Rxc1 O-O 19. Ng3 Nb8 20. f5 exf5 21.
Nxf5 Nc6 22. Qe3 Nd8 23. Bxd8 Rxd8 24. Qg5 Re8 25. Rc7 a5 26. Qxh5 Qxa3 27. Qg5
Qa4 28. h5 1-0

[Event "Premijer  Liga Crne Gore u sahu za 2015."]
[Site "Bar"]
[Date "2015.09.26"]
[Round "1.5"]
[White "Ivanovic, Bozidar"]
[Black "Kalezic, Blazo"]
[Result "1/2-1/2"]
[WhiteElo "2410"]
[BlackElo "2435"]
[PlyCount "160"]
[EventDate "2015.09.26"]

1. e4 e6 2. d4 d5 3. Nc3 Nf6 4. e5 Nfd7 5. f4 c5 6. Nf3 Nc6 7. Be3 cxd4 8. Nxd4
Bc5 9. Qd2 O-O 10. O-O-O a6 11. Kb1 Nxd4 12. Bxd4 b5 13. Bxc5 Nxc5 14. Qe3 Qb6
15. Bd3 b4 16. Ne2 a5 17. Nd4 a4 18. Rhe1 Ne4 19. Bxe4 dxe4 20. Nf5 Qxe3 21.
Nxe3 Bb7 22. Rd4 b3 23. axb3 axb3 24. cxb3 Rab8 25. Rc1 Ba6 26. b4 Bd3+ 27. Ka2
Rb7 28. Rc6 h5 29. Rcd6 Kh7 30. Rd7 Rb5 31. Rc7 Kg6 32. Kb3 Ra8 33. h4 Rab8 34.
Kc3 R5b6 35. f5+ exf5 36. Nd5 Rb5 37. Nf4+ Kh7 38. e6 fxe6 39. Rdd7 Rg8 40.
Nxh5 Kg6 41. Nf4+ Kh6 42. Rd6 Rbb8 43. Rxe6+ Kh7 44. Ree7 Bf1 45. g3 Rbc8 46.
Kd4 Rgd8+ 47. Ke3 Rxc7 48. Rxc7 Rd6 49. Rc1 Ba6 50. Rc5 Rb6 51. Ra5 Bc8 52. Rc5
Ba6 53. Nd5 Rg6 54. Kf2 Rd6 55. Ke3 Rg6 56. Kf4 Rg4+ 57. Kxf5 Rxg3 58. Kxe4 Rb3
59. Kd4 Rxb2 60. Ke5 Rh2 61. b5 Bxb5 62. Rxb5 Rxh4 63. Nf4 Rh1 64. Kf5 Rf1 65.
Rb8 Ra1 66. Rb4 Ra5+ 67. Kg4 Ra6 68. Rb5 Rc6 69. Kf5 Rf6+ 70. Ke5 Ra6 71. Ne6
Ra1 72. Ng5+ Kg6 73. Nf3 Ra6 74. Rb4 Ra5+ 75. Kf4 Ra6 76. Ne5+ Kh7 77. Kg5 Ra1
78. Rh4+ Kg8 79. Rb4 Kh7 80. Rh4+ Kg8 1/2-1/2

[Event "Premijer  Liga Crne Gore u sahu za 2015."]
[Site "Bar"]
[Date "2015.09.26"]
[Round "1.5"]
[White "Pajkovic, Vladimir"]
[Black "Batricevic, Sasa"]
[Result "0-1"]
[WhiteElo "2421"]
[BlackElo "2253"]
[PlyCount "114"]
[EventDate "2015.09.26"]

1. Nf3 d5 2. c4 e6 3. d4 c5 4. cxd5 exd5 5. Nc3 Nc6 6. Bg5 f6 7. Bf4 g5 8. Be3
g4 9. Nh4 f5 10. g3 Bg7 11. Bd2 cxd4 12. Na4 Nf6 13. Bg2 Ne4 14. O-O O-O 15.
Bf4 b6 16. f3 gxf3 17. exf3 Nc5 18. Rc1 Nxa4 19. Qxa4 Na5 20. Rc7 Rf7 21. Rxf7
Kxf7 22. b4 Nc4 23. Bh3 Bd7 24. Qb3 Qf6 25. Qd3 Nb2 26. Qb3 Nc4 27. Qd3 Nb2 28.
Qb3 Nc4 29. Re1 Re8 30. Rxe8 Kxe8 31. Qd3 Bh6 32. Bxh6 Qxh6 33. f4 Qe6 34. Kf2
Qe4 35. Bf1 Ne3 36. Nf3 Nxf1 37. Qxf1 Qe3+ 38. Kg2 d3 39. Qf2 Qe4 40. Kh3 Qe2
41. Kg2 Qe4 42. Kh3 Qxb4 43. Nd4 Qe7 44. Qb2 Qe3 45. Nb3 d4 46. Nd2 Qe2 47.
Qxd4 Qxd2 48. Qe5+ Kf7 49. Qc7 Ke7 50. Qe5+ Be6 51. Qc7+ Kf6 52. Qd8+ Kg6 53.
Qe8+ Bf7 54. Qe7 h6 55. Qd6+ Kh7 56. Qd7 Qxa2 57. Qxf5+ Bg6 0-1

[Event "Premijer  Liga Crne Gore u sahu za 2015."]
[Site "Bar"]
[Date "2015.09.26"]
[Round "1.5"]
[White "Podlesnik, Bogdan"]
[Black "Nikac, Predrag"]
[Result "0-1"]
[WhiteElo "2358"]
[BlackElo "2249"]
[PlyCount "114"]
[EventDate "2015.09.26"]

1. e4 c5 2. Nf3 Nc6 3. d4 cxd4 4. Nxd4 e5 5. Nb5 d6 6. N1c3 a6 7. Na3 b5 8. Nd5
Nge7 9. c4 Nxd5 10. exd5 Nd4 11. cxb5 Qh4 12. bxa6 Be7 13. Be3 Bg4 14. Qd2 O-O
15. Nb5 Nf5 16. Nc3 Nxe3 17. Qxe3 f5 18. Qg3 Qh6 19. h3 Bh5 20. Bb5 e4 21. Qe3
Bg5 22. Qd4 Bf6 23. Qc4 Qg5 24. g4 Bxc3+ 25. Qxc3 fxg4 26. hxg4 Bxg4 27. Rg1 h5
28. Be2 Qf5 29. Qe3 Bxe2 30. Qxe2 Qxd5 31. Rd1 Qa5+ 32. Qd2 Qxa2 33. Qc3 Qf7
34. Qd4 Rxa6 35. Rg5 e3 36. f4 Rc6 37. Ke2 Re8 38. Rdg1 Rc2+ 39. Kf3 Rf2+ 40.
Kg3 Re7 41. Qxd6 h4+ 42. Kh3 Rf3+ 43. Kxh4 Rxf4+ 44. R1g4 Ree4 45. Rxg7+ Qxg7
46. Rxf4 Rxf4+ 47. Qxf4 Qe7+ 48. Kh3 e2 49. Qg3+ Kf8 50. Qe1 Qe3+ 51. Kg2 Ke8
52. b4 Kd7 53. b5 Kc8 54. Kh2 Qf3 55. b6 Kb7 56. Qc1 Qf2+ 57. Kh3 Qf1+ 0-1